Crónica de una muerte anunciada
Guardat en:
| Autor principal: | |
|---|---|
| Format: | Llibre |
| Idioma: | espanyol |
| Publicat: |
Bogotá
La Oveja Negra
1981
|
| Matèries: | |
| Etiquetes: |
Afegir etiqueta
Sense etiquetes, Sigues el primer a etiquetar aquest registre!
|
MARC
| LEADER | 00000nam a2200000 a 4500 | ||
|---|---|---|---|
| 001 | UCW4519 | ||
| 003 | CL-VaPUC | ||
| 008 | 900516e19810000CK |||||||||||||||||spa|d | ||
| 082 | 0 | 4 | |a Co863 |b GAR |2 21 |
| 100 | |a García Márquez, Gabriel |e autor |9 318010 | ||
| 245 | 1 | 0 | |a Crónica de una muerte anunciada |
| 300 | |a 156 p | ||
| 942 | |c BK | ||
| 945 | |d 19900516 00:00:00 | ||
| 260 | |a Bogotá |b La Oveja Negra |c 1981 | ||
| 650 | 0 | |a Novelas colombianas |9 266734 | |
| 583 | |a last modification |c 20160520 16:16:22 |k Rodrigo Vera | ||
| 999 | |c 218242 |d 218240 | ||
| 952 | |0 0 |1 0 |4 0 |6 CO_863_000000000000000_GAR_1981 |7 0 |8 A |9 207399 |a BIBEDU |b BIBEDU |d 2019-11-15 |i 1453807 |o Co863 GAR 1981 |p 1453807 |r 2019-11-15 |w 2019-11-15 |y BK |k LIT | ||
| 952 | |0 0 |1 0 |4 0 |6 CO_863_000000000000000_GAR_1981 |7 0 |8 A |9 207400 |a BIBEDU |b BIBEDU |d 2019-11-15 |i 4143825 |o Co863 GAR 1981 |p 4143825 |r 2019-11-15 |w 2019-11-15 |y BK |k LIT | ||
| 952 | |0 0 |1 0 |4 0 |6 CO_863_000000000000000_GAR_1981 |7 0 |8 A |9 207406 |a BIBEDU |b BIBEDU |d 2019-11-15 |i 4728130 |l 2 |m 1 |o Co863 GAR 1981 |p 4728130 |r 2024-11-05 |s 2024-10-22 |w 2019-11-15 |y BK |k LIT | ||